| 000 | 00864nam a2200253 u 4500 | ||
|---|---|---|---|
| 005 | 20240831063815.0 | ||
| 008 | 170914s2007 es r 000 0 spa d | ||
| 020 | _a9788493517564 | ||
| 035 | _aUPN01000220544 | ||
| 049 | _aI | ||
| 050 | 4 |
_aPZ76.3 _bE8.8 |
|
| 100 | 1 |
_aEsteban Lorenzo, Clemen, _d1958- _940989 |
|
| 245 | 1 | 0 |
_aRataplín en el carnaval / _ctexto e il. Clemen Esteban Lorenzo ; colab. Francisco Javier Mancebo y Ma. del Pilar Salguero. |
| 260 |
_aSevilla, Esp. : _bMater, _c2007. |
||
| 300 |
_a[22] p. : _bil. col. |
||
| 440 | 3 | _aLa estrella bailarina | |
| 650 | 4 |
_aCuentos infantiles españoles _97725 |
|
| 650 | 0 |
_aRatones _vCuentos y leyendas _923551 |
|
| 700 | 1 |
_aMancebo, Francisco Javier, _ecolab. _942810 |
|
| 700 | 1 |
_aSalguero Alcañiz, María Pilar, _ecolab. _940990 |
|
| 905 | _aInfantil | ||
| 999 |
_c192643 _d192643 |
||